000 00542nam a2200181Ia 4500
008 151018s9999 xx 000 0 und d
082 _bRBASDV25531
_a891.463
100 _aपद्मा कुलकर्णी
245 _aकिथी
250 _b1
260 _bअंजली प्रकाशन पुणे
_c1990
300 _a168
600 _aपद्मा कुलकर्णी
630 _aकिथी
700 _aपद्मा कुलकर्णी
730 _aकिथी
942 _cBOOK
999 _c1025144
_d1025141